Statistics for Top Goalscorers of All Time

Click here to take the quiz!

General Stats

  • This quiz has been taken 44 times
  • The average score is 8 of 28

Answer Stats

PlaceAnswerNationality# of Goals% Correct
6Cristiano RonaldoPortugal687
98%
3PeléBrazil767
95%
7Lionel MessiArgentina659
93%
4Ferenc PuskásHungary746
88%
5Gerd MüllerGermany735
88%
25Zlatan IbrahimovićSweden512
76%
22Alfredo Di StefanoArgentina/Spain514
59%
13EusébioPortugal552
59%
1Josef BicanCzech Republic/Austria805
34%
20ZicoBrazil522
32%
17Hugo SánchezMexico541
29%
9Uwe SeelerGermany575
29%
27Jimmy GreavesEngland511
10%
8Ferenc DeákHungary576
7%
2RomáiroBrazil772
7%
9Tülio MaravilhaBrazil575
7%
22Hans KrankiAustria514
5%
25Roberto DinamiteBrazil512
5%
12Ernst WillimowskiPoland/Germany554
2%
15Franz BinderAustria546
2%
18Fritz WalterGermany529
2%
11Arthur FrienderteichBrazil557
0%
28Ferenc BeneHungary508
0%
16Frenardo PeyrotoPortugal544
0%
24Gunnar HordahiSweden513
0%
20Gyula ZsengellérHungary522
0%
14Jimmy McGoryScotland550
0%
19Jözsef TakácsHungary523
0%

Score Distribution

Percentile by Number Answered

Percent of People with Each Score

Your Score History

You have not taken this quiz